Das Patriziat in den livländischen und preußischen Städten

Titel: Das Patriziat in den livländischen und preußischen Städten : Eine vergleichende Analyse
Verfasser:
In: Riga und der Ostseeraum, (2005), Seite 211-222, 2 Tab.
alle Artikel anzeigen
Veröffentlicht: 2005
Format: Aufsatz
Sprache: Deutsch
Kein Bild verfügbar
X
alg: 39164006
001A    $01999:11-11-16 
001B    $01999:25-04-21 $t10:53:25.000 
001D    $01999:11-11-16 
001U    $0utf8 
001X    $00 
002@    $0Aox 
003@    $0391640062 
007A    $0391640062 $aHEB 
007T    $0Herd78950 
010@    $ager 
011@    $a2005 
021A    $aDas @Patriziat in den livländischen und preußischen Städten $dEine vergleichende Analyse 
028A    $7139514317 $8Czaja, Roman$Z1960- [Tp1] $9217065910 
031A    $h211-222, 2 Tab. $j2005 
039B    $aIn $8--Aau--. Riga und der Ostseeraum. - Marburg : Verl. Herder-Institut, 2005. - VIII, 486 S.. - Ill., graph. Darst., Kt.. - ISBN 3-87969-319-6 $x200500000000000789 $9133615367 
045F    $a306.09438 $eDDC23BSB 
045F/01 $a306.09 
045F/03 $g438 
045F/03 $g4382 
045F/03 $g4796 

lok: 39164006 78

exp: 39164006 78 1 #EPN
201B/01 $001-03-19 $t22:51:33.000 
201U/01 $0utf8 
203@/01 $0787734543 
208@/01 $a11-11-16 $be 
209A/01 $a/ $f000 $x00 
220C/01 $aTitelaufnehmer: cs 
244Z/01 $2Trx $#Latvija $#Lettland $#Łotwa $#Lotyšsko $8--Trx--Latvija $x01 $9391275879 
244Z/01 $2Trx $#Prusy Wschodnie i Zachodnie $8--Trx--Ost- und Westpreußen $x02 $939113373X 
244Z/01 $2Trx $#Poola $#Lenkija $#Polija $#Polen Land $#Poland $#Lengyelország $#Poľsko $#Polsko $8--Trx--Polska$gkraj $x03 $9391345966 
244Z/01 $#Liivimaa $#Vidzeme $#Livonija $#Vidzeme $#Livonia $#Inflanty $74036075-1 $8--Tg1--Livland $x04 $9085097721 
244Z/01 $aGeschichte 1300-1620 $x05 
244Z/01 $2Trx $#patriits $#patriciatas $#Patriciate $#nagypolgárság $#patrycjat $#patriciát $#patriciát $8--Trx--Patriziat $x06 $9391373501 
244Z/01 $2Trx $#linnavalitsus $#miesto taryba $#city council $#városi tanács $#rady miejskie $#rada mestská $#rada městská $#rada miejska $#radcy miejscy $8--Trx--Stadtrat $x07 $9391367404 
244Z/01 $2Trx $8--Trx--Einzelbeiträge $x08 $9391384570 
245Z/01 $a09.08 $x01 
247C/01 $82080>Marburg/Lahn, Herder-Institut, Forschungsbibliothek, Bibliographieportal $9336309341
LEADER 00000caa a22000002c 4500
001 391640062
003 DE-603
005 20210425105325.0
007 tu
008 161111s2005 xx |||| | u00||u|ger c
035 |a (DE-599)HEB391640062 
040 |a DE-603  |b ger  |c DE-603  |d DE-603 
041 |a ger 
082 0 4 |8 1\u  |a 306.09438  |q DE-101  |2 23/BSB 
085 |8 1\u  |b 306.09 
085 |8 1\u  |z 2  |s 438 
085 |8 1\u  |z 2  |s 4382 
085 |8 1\u  |z 2  |s 4796 
100 1 |a Czaja, Roman  |d 1960-  |0 (DE-603)217065910  |0 (DE-588)139514317  |2 gnd 
245 0 0 |a ˜Dasœ Patriziat in den livländischen und preußischen Städten  |b Eine vergleichende Analyse 
264 0 |c 2005 
773 0 8 |i In  |t Riga und der Ostseeraum  |d Marburg : Verl. Herder-Institut, 2005  |h VIII, 486 S., Ill., graph. Darst., Kt.  |z 3879693196  |g (2005), Seite 211-222, 2 Tab.  |w (DE-603)133615367 
924 0 |9 2080  |a (DE-603)787734543  |b DE-2080  |c HES  |d d  |g /